000
00270nam a22001097a 4500
008
170125b xxu||||| |||| 00| 0 eng d
020
_a
9780323037273
041
_a
eng
080
_2
6TH
_a
618.2
245
_a
MEDICAL-SURGICAL NURSING CARE
_c
SMEARINGEN, P.L
942
_2
udc
_c
BK
999
_c
3626
_d
3626